00495 2200181 4500001002100000005001500021035002000036245005400056100001700110300003200127260004300159082001100202084001700213020001800230600003100248990001700279990001700296INLIS00000000000024220240925093835 a0010-09240000271 aMetodologi Pengajaran Agama Islam /cAhmad Tafsir0 aAhmad Tafsir a168 hlm :bilus ;c14X24 cm aBandung :bPT Remaja Rosdakarya,c2004 a297.77 a297.77 AHM m a979-614-530-4 4aPendidkan Islam-Metodologi a0754/PP/2023 a0755/PP/2023